The noble scholar, jurist, historian


 His Excellency Dr. Abdul Wahhab bin Ibrahim Abu Sulaiman, may Allah have mercy on him.


 He was born in Umm Al-Qura in the year 1356 AH.

كتب الرحلات في المغرب الأقصى (Record no. 13484)

MARC details
000 -LEADER
fixed length control field 01466ctm a22002771a 4500
003 - CONTROL NUMBER IDENTIFIER
control field SA-RiAUC
005 - DATE AND TIME OF LATEST TRANSACTION
control field 20251212130458.0
007 - PHYSICAL DESCRIPTION FIXED FIELD--GENERAL INFORMATION
fixed length control field co ug ---uuauu         
008 - FIXED-LENGTH DATA ELEMENTS--GENERAL INFORMATION
fixed length control field 251210s1999 su fsbm 00000 ara c
040 ## - CATALOGING SOURCE
Original cataloging agency SA-JeALM
Language of cataloging ara
Transcribing agency SA-RiAUC
Description conventions rda
043 ## - GEOGRAPHIC AREA CODE
Geographic area code a-su---
082 0# - DEWEY DECIMAL CLASSIFICATION NUMBER
Classification number 915.31204
Assigning agency SA-RiAUC
090 ## - LOCALLY ASSIGNED LC-TYPE CALL NUMBER (OCLC); LOCAL CALL NUMBER (RLIN)
Classification number (OCLC) (R) ; Classification number, CALL (RLIN) (NR) ر 915.31204
Local cutter number (OCLC) ; Book number/undivided call number, CALL (RLIN) ن و ا
100 1# - MAIN ENTRY--PERSONAL NAME
Personal name نواب، عواطف محمد يوسف،
Dates associated with a name 1378 هـ
245 10 - TITLE STATEMENT
Title كتب الرحلات في المغرب الأقصى
Remainder of title مصدر من مصادر تاريخ الحجاز في القرنين الحادي عشر والثاني عشر الهجريين : دراسة تحليلية نقدية مقارنة /
Statement of responsibility, etc. عواطف محمد يوسف نواب ؛ إشراف يوسف بن علي بن رابع الثقفي.
Medium [ملف كمبيوتر] :
260 ## - PUBLICATION, DISTRIBUTION, ETC.
Date of publication, distribution, etc. 1999
300 ## - PHYSICAL DESCRIPTION
Extent 2 مجلد .
Dimensions 30 سم .
502 ## - DISSERTATION NOTE
Dissertation note أطروحة (دكتوراه)-جامعة أم القرى، كلية الشريعة، قسم الدراسات العليا، 1999.
504 ## - BIBLIOGRAPHY, ETC. NOTE
Bibliography, etc. note يشتمل على إرجاعات ببليوجرافية.
530 ## - ADDITIONAL PHYSICAL FORM AVAILABLE NOTE
Additional physical form available note متاحة نسخة على شكل مطبوع.
651 #7 - SUBJECT ADDED ENTRY--GEOGRAPHIC NAME
Geographic name الحجاز (السعودية)
General subdivision وصف ورحلات
Source of heading or term aucsh
651 #7 - SUBJECT ADDED ENTRY--GEOGRAPHIC NAME
Geographic name الحجاز (السعودية)
General subdivision تاريخ
Chronological subdivision قرون 11-12 هجري
Source of heading or term aucsh
700 ## - ADDED ENTRY--PERSONAL NAME
Personal name الثقفي، يوسف بن علي بن رابع
Relator term مشرف .
942 ## - ADDED ENTRY ELEMENTS (KOHA)
Source of classification or shelving scheme Dewey Decimal Classification
Koha item type رسالة علمية
Suppress in OPAC No
949 ## - LOCAL PROCESSING INFORMATION (OCLC)
a SA-JeALM
d 251210
u osman123
n 1
Holdings
Withdrawn status Lost status Source of classification or shelving scheme Materials specified (bound volume or other part) Damaged status Not for loan Home library Current library Date acquired Total checkouts Full call number Barcode Date last seen Price effective from Koha item type
    Dewey Decimal Classification المجلد الاول     DR AbdElwahab Library DR AbdElwahab Library 12/12/2025   ر 915.31204 ن و ا 000021612 12/12/2025 12/12/2025 رسالة علمية
    Dewey Decimal Classification المجلد الثاني     DR AbdElwahab Library DR AbdElwahab Library 12/12/2025   ر 915.31204 ن و ا 000021613 12/12/2025 12/12/2025 رسالة علمية